书目信息 |
| 书名: | Teachers and the Law | |
| 作者: | Louis Fischer etc. | |
| 分册号: | ||
| 分册名: | 出版地: | New York : |
|
| 出版社: | Longman Publishers USA | |
| 出版时间: | 1995. | |
| 页数: | 480 p. ; | |
| 开本: | 20cm. | |
| 丛书名: | ||
| 中图分类号: | ||
| 科图分类号: | ||
| 其他分类号: | D971.221 | |
| 主题词: | ||
| 电子资源: | ||
| 000 | 00424nam 2200157 a 4500 | |
| 001 | E0157486724 | |
| 005 | 2001121315580661 | |
| 008 | 011213s1995 00010 eng | |
| 020 | @a0-8013-1271-X@bsoft | |
| 040 | @aPFT@beng | |
| 090 | @aD971.221 | |
| 099 | @dD971.221@eF529 | |
| 245 | @aTeachers and the Law / @cLouis Fischer etc. | |
| 250 | @a4th ed. | |
| 260 | @aNew York :@bLongman Publishers USA,@c1995. | |
| 300 | @a480 p. ;@c20cm. | |
| Teachers and the Law / / Louis Fischer etc.-4th ed.-New York : : Longman Publishers USA, , 1995. |
| 480 p. ; ; 20cm. |
| ISBN 0-8013-1271-Xsoft |
| ● |
| 相关链接 |
|
|
|
正题名:Teachers and the Law
索取号:D971.221/F529
 
预约/预借
| 序号 | 登录号 | 条形码 | 馆藏地/架位号 | 状态 | 备注 |
| 1 | 0638 | 300006384 | 社科库509/509社科库 53排4列5层/ [索取号:D971.221/F529] | 在馆 |